00619nam a22002057a 450000500170000001000130001702000220003003500130005203700160006504000120008108200170009310000160011024500460012626000530017227000490022530000240027450000200029865000350031865000600035320170124110140.0 aA-895466 c00.00a8170249546 aA-895466 bCen Lib/Ret aDPLbEN a658.562bNAR aNarayan, B. aTotal quality management /cby B. Narayan bA. P. H. Publishing CorporationaNew Delhic1998 bNew Delhia5, Ansari Road, Darya Ganje10002 avi,284p. c22cm(Hb) aIncludes index  aQuality control -- Periodicals aProduction management -- Quality control -- Periodicals